Дело о замеченных обстоятельствах временной счетной комиссией по отчету Дерптского учебного округа за 1816 год

Доступно только в Электронных читальных залах Найти на картеНа карте
RUSMARC
00003665nmc2a22002413x 450
001a3988979-1fe9-4a34-841a-3c0a84aac517
00520260202231215.0
100##$a20250724l18291830k l0rusy0189 ca
1010#$arus
102##$aRU
105##$ay###
1222#$ad
2001#$aДело о замеченных обстоятельствах временной счетной комиссией по отчету Дерптского учебного округа за 1816 год
$j14 декабря 1829 г. - 25 февраля 1830 г.
215##$a10 л.
$d36,5х26 см
251##$cДело
300##$aДело
371##$aДокумент не является опубликованным и широко распространяемым
461#0$1001a74412a3-3cc5-4d21-8f0a-dfe2fbd9e72d
$12001
$aДепартамент народного просвещения Министерства народного просвещения (1803-1917)
$1251
$cФонд
$1852
$j733
462#0$1001ccc93d8c-a161-4593-b7db-1a3e4c2bc189
$12001
$aДела счетного отделения Департамента народного просвещения за 1819-1838 годы
$1251
$cОпись
$1852
$j111
801#0$aRU
$bРГИА
$c20250724
$gRCR
801#1$aRU
$bГлавНИВЦ
$c20250724
$2rusmarc
801#2$aRU
$bПБ им. Б.Н. Ельцина
$c20260202
$gRCR
$2rusmarc
850##$aРГИА
852##$aРГИА
$eФедеральное казенное учреждение "Российский государственный исторический архив" (РГИА)
$j536
937##$hРГИА
$d12094959
$aASBIBLIO_SCAN
035##$aRusGRCC00088808
856##$uhttp://readingroom.main.prlib.ru/item.aspx?id_node=n200336426&mode=full
Формат отображения